000 00563nam a2200193Ia 4500
005 20260114185555.0
008 008 260114s9999 xx 000 0 eng d
020 _a9781350152526
037 _aEBOOK
040 _aCRL
_beng
_cCRL
041 _aeng
_2eng
084 _qCRL
100 _aOnni Gust
_9871745
245 0 _aUnhomely Empire Whiteness and Belonging, c.1760-1830
260 _bBloomsbury
_c2020
856 _uhttps://doi.org/10.5040/9781350152526?locatt=label:secondary_bloomsburyCollections
942 _cEBOOK
999 _c1470693
_d1470693